[Event "NAYCC U18"]
[Site "Kingston CAN"]
[Date "2025.08.23"]
[Round "9.2"]
[White "Das, Aditeya"]
[Black "Guo, Ethan"]
[Result "1-0"]
[WhiteElo "2259"]
[BlackElo "2311"]
[WhiteFideId "-1"]
[WhiteFideId "-1"]
[PlyCount "179"]
[GameId "2217608108273044"]
[EventDate "2025.08.18"]
[EventType "swiss"]
[EventRounds "9"]
[EventCountry "CAN"]

1. Nf3 c5 2. c4 Nc6 3. Nc3 g6 4. g3 Bg7 5. Bg2 d6 6. O-O Be6 7. d3 Qc8 8. Nd5 Nf6 9. e4 Bg4 10. Ne3 Bxf3 11. Bxf3 O-O 12. Nd5 e6 13. Nxf6+ Bxf6 14. Rb1 a6 15. Bh6 Bg7 16. Be3 Rb8 17. Bg2 b5 18. b3 Qc7 19. Bd2 b4 20. f4 Nd4 21. g4 Qe7 22. Kh1 a5 23. Qe1 a4 24. Qf2 axb3 25. axb3 Ra8 26. Bc1 Ra6 27. f5 Qa7 28. f6 Bh8 29. Be3 Ra2 30. Qh4 Nc2 31. Bg1 Re8 32. g5 Nd4 33. Bxd4 cxd4 34. Qh6 Ra5 35. Rf3 Ra1 36. Rbf1 Rxf1+ 37. Bxf1 Qa1 38. Kg1 Qc1 39. Rh3 Bxf6 40. Qxh7+ Kf8 41. gxf6 Qg5+ 42. Rg3 Qxf6 43. Qh6+ Ke7 44. Qd2 Ra8 45. Kg2 Qe5 46. Qxb4 Ra2+ 47. Kg1 Qf4 48. Qe1 Rc2 49. Rg2 Rc1 50. Qf2 Qxf2+ 51. Rxf2 Rb1 52. Kg2 Rxb3 53. Kf3 f5 54. Ra2 e5 55. Ra7+ Ke6 56. Ra6 Rc3 57. h4 Rc1 58. Be2 Rc2 59. Rb6 Ke7 60. Rb3 Ke6 61. Kf2 Rc1 62. Rb6 Ke7 63. Rb7+ Kf6 64. Rb6 Ke6 65. exf5+ gxf5 66. h5 e4 67. Rb5 Rh1 68. Rd5 Rh2+ 69. Kf1 exd3 70. Bxd3 Rxh5 71. Kg2 Rg5+ 72. Kf3 Rh5 73. Rxd4 Rh3+ 74. Ke2 Rh2+ 75. Ke3 Rh5 76. Rd5 Rh3+ 77. Kd4 Rh4+ 78. Kc3 Rh3 79. Kb4 Rf3 80. Kb5 f4 81. Kc6 Re3 82. Rxd6+ Ke7 83. Rd4 Re6+ 84. Kb7 Rf6 85. c5 f3 86. Re4+ Kd8 87. Bb5 Rf7+ 88. Kb8 Rf8 89. c6 Rf7 90. c7+ 1-0

[Event "NAYCC U18"]
[Site "Kingston CAN"]
[Date "2025.08.23"]
[Round "9.3"]
[White "Park, Evan"]
[Black "Vemparala, Nikash"]
[Result "1/2-1/2"]
[WhiteElo "2412"]
[BlackElo "2176"]
[WhiteFideId "-1"]
[WhiteFideId "-1"]
[PlyCount "97"]
[GameId "2217611727990175"]
[EventDate "2025.08.18"]
[EventType "swiss"]
[EventRounds "9"]
[EventCountry "CAN"]

1. e4 c5 2. Nf3 Nc6 3. d4 cxd4 4. Nxd4 Nf6 5. Nc3 e5 6. Ndb5 d6 7. Nd5 Nxd5 8. exd5 Nb8 9. a4 Be7 10. Bd2 a6 11. Na3 a5 12. Bb5+ Nd7 13. O-O O-O 14. Nc4 b6 15. b4 axb4 16. Bxb4 Nc5 17. a5 Ba6 18. Bxa6 Nxa6 19. Qe1 Nxb4 20. Qxb4 bxa5 21. Nxa5 f5 22. Ra3 Qb8 23. Qc3 Qb5 24. Nc6 Bf6 25. Rxa8 Rxa8 26. Qb3 Qxb3 27. cxb3 Bd8 28. b4 Kf7 29. Nxd8+ Rxd8 30. b5 Rb8 31. Rb1 e4 32. f3 exf3 33. gxf3 g5 34. h4 h6 35. Kf2 Kf6 36. f4 gxf4 37. Kf3 Ke5 38. h5 Rb6 39. Rb2 Kxd5 40. Kxf4 Kc4 41. Rc2+ Kxb5 42. Kxf5 Rc6 43. Rd2 Kc4 44. Ke6 Rc5 45. Rxd6 Rxh5 46. Kf7 Rc5 47. Rd1 Rg5 48. Rh1 h5 49. Kf6 1/2-1/2

[Event "NAYCC U18"]
[Site "Kingston CAN"]
[Date "2025.08.23"]
[Round "9.4"]
[White "Guillemette, Hugo"]
[Black "Cherukuri, Nitesh"]
[Result "1/2-1/2"]
[WhiteElo "2193"]
[BlackElo "2252"]
[WhiteFideId "-1"]
[WhiteFideId "-1"]
[PlyCount "93"]
[GameId "2217613260811734"]
[EventDate "2025.08.18"]
[EventType "swiss"]
[EventRounds "9"]
[EventCountry "CAN"]

1. e4 c5 2. Nf3 d6 3. Bb5+ Bd7 4. Bxd7+ Qxd7 5. c4 Nf6 6. Nc3 Nc6 7. d4 Qg4 8. O-O Nxd4 9. Nxd4 Qxd1 10. Rxd1 cxd4 11. Rxd4 Rc8 12. b3 g6 13. Bb2 Bg7 14. Rd2 Nd7 15. Rad1 h5 16. Nd5 Bxb2 17. Rxb2 f6 18. f3 Kf7 19. Rbd2 Rc5 20. Ne3 Rhc8 21. b4 R5c6 22. c5 Ne5 23. cxd6 Rxd6 24. Rxd6 exd6 25. Rxd6 Nc4 26. Nxc4 Rxc4 27. Rd7+ Ke6 28. Rxb7 Rc1+ 29. Kf2 Rc2+ 30. Kg3 Rxa2 31. h4 f5 32. exf5+ Kxf5 33. Rb5+ Kf6 34. Kh3 Rb2 35. g4 hxg4+ 36. fxg4 Rb3+ 37. Kg2 Kg7 38. h5 gxh5 39. gxh5 a5 40. Rb7+ Kh8 41. b5 a4 42. b6 a3 43. Ra7 Rxb6 44. Rxa3 Kh7 45. Kg3 Kh6 46. Ra5 Rb3+ 47. Kg4 1/2-1/2

[Event "NAYCC U18"]
[Site "Kingston CAN"]
[Date "2025.08.23"]
[Round "9.5"]
[White "Patel, Maahir M"]
[Black "Lu, Yiding"]
[Result "1-0"]
[WhiteElo "2114"]
[BlackElo "2042"]
[WhiteFideId "-1"]
[WhiteFideId "-1"]
[PlyCount "91"]
[GameId "2217617227423839"]
[EventDate "2025.08.18"]
[EventType "swiss"]
[EventRounds "9"]
[EventCountry "CAN"]

1. h4 e5 2. c4 Nf6 3. Nc3 d5 4. cxd5 Nxd5 5. g3 Nc6 6. Bg2 Be6 7. d3 Qd7 8. Nf3 f6 9. Bd2 O-O-O 10. a3 Kb8 11. Rc1 h6 12. b4 Bd6 13. h5 f5 14. Nh4 Nxc3 15. Bxc3 Ne7 16. Qc2 Bd5 17. Bxd5 Nxd5 18. Bd2 Rhe8 19. Qb3 Nf6 20. Ng2 f4 21. f3 fxg3 22. Rc2 Be7 23. Kd1 e4 24. dxe4 Nxe4 25. fxe4 Bg5 26. Qc3 Rxe4 27. Ne1 Qe7 28. Qf3 Rf4 29. Qxg3 Qe4 30. Qc3 Rf7 31. Nf3 Rfd7 32. Rg1 Bf6 33. Qc4 Qe3 34. Rg2 Bg5 35. Ke1 Qxa3 36. Bxg5 hxg5 37. Rxg5 c6 38. b5 Qe3 39. Kf1 cxb5 40. Rxb5 Rf8 41. Kg2 Qe7 42. Rc5 Qd8 43. Qb4 Qe7 44. Qa3 Qd6 45. Ne5 Rdd8 46. Rc8+ 1-0

[Event "NAYCC U18"]
[Site "Kingston CAN"]
[Date "2025.08.23"]
[Round "9.6"]
[White "Yang, Jingyun (Ryan)"]
[Black "Schaefer, Sasha Milo"]
[Result "1-0"]
[WhiteElo "2372"]
[BlackElo "2023"]
[WhiteFideId "-1"]
[WhiteFideId "-1"]
[PlyCount "81"]
[GameId "2217639070330989"]
[EventDate "2025.08.18"]
[EventType "swiss"]
[EventRounds "9"]
[EventCountry "CAN"]

1. e4 c6 2. d4 d5 3. exd5 cxd5 4. c3 Nc6 5. Nf3 Qc7 6. c4 Nf6 7. Nc3 Be6 8. Ng5 Qd7 9. Nxe6 Qxe6+ 10. Be2 Qd7 11. Bg5 dxc4 12. d5 Ne5 13. O-O Rc8 14. Qd4 Nd3 15. Bxd3 cxd3 16. Rfe1 Rg8 17. Qxd3 Kd8 18. Rad1 h6 19. Bf4 Ne8 20. Be5 g6 21. Qf3 Qf5 22. Qe3 b6 23. Nb5 Qd7 24. Nd4 Nd6 25. Nc6+ Ke8 26. Qf4 g5 27. Qb4 Nf5 28. Qe4 Rg6 29. Bc3 Nd6 30. Qe2 Qb7 31. Bb4 a6 32. Qe5 Qd7 33. Qh8 Rxc6 34. dxc6 Qxc6 35. Rc1 Qb7 36. Qc3 Kd7 37. Qb3 Re6 38. Rxe6 fxe6 39. Bxd6 exd6 40. Qc2 Qd5 41. Qc8+ 1-0

[Event "NAYCC U18"]
[Site "Kingston CAN"]
[Date "2025.08.23"]
[Round "9.7"]
[White "Chen, Max"]
[Black "Shankar, Pranav"]
[Result "1-0"]
[WhiteElo "2318"]
[BlackElo "2028"]
[WhiteFideId "-1"]
[WhiteFideId "-1"]
[PlyCount "67"]
[GameId "2217641754443922"]
[EventDate "2025.08.18"]
[EventType "swiss"]
[EventRounds "9"]
[EventCountry "CAN"]

1. e4 c6 2. d4 d5 3. exd5 cxd5 4. Nf3 Nc6 5. c3 Bg4 6. h3 Bf5 7. Qb3 Qd7 8. Bf4 e6 9. Nbd2 Bd6 10. Bxd6 Qxd6 11. Qxb7 Rb8 12. Qa6 Nge7 13. b3 O-O 14. Be2 Rb6 15. Qa4 Ng6 16. g3 e5 17. dxe5 Ngxe5 18. Kf1 Qc5 19. Nxe5 Qxc3 20. Nxc6 Qxa1+ 21. Kg2 Qf6 22. Nd4 Bc8 23. N2f3 Qe7 24. Bd3 Qb4 25. Qxb4 Rxb4 26. Rc1 Be6 27. Bb5 Rb8 28. Rc5 a6 29. Bxa6 Ra8 30. Rc6 Kf8 31. a3 Bd7 32. Rc7 Rb6 33. Rxd7 Rbxa6 34. a4 1-0

[Event "NAYCC U18"]
[Site "Kingston CAN"]
[Date "2025.08.23"]
[Round "9.8"]
[White "Berube, Maximilien"]
[Black "Martinez Flores, Matias"]
[Result "0-1"]
[WhiteElo "1928"]
[BlackElo "2060"]
[WhiteFideId "-1"]
[WhiteFideId "-1"]
[PlyCount "178"]
[GameId "2217643894727482"]
[EventDate "2025.08.18"]
[EventType "swiss"]
[EventRounds "9"]
[EventCountry "CAN"]

1. e4 c5 2. Nf3 d6 3. Bb5+ Nd7 4. Ba4 Ngf6 5. O-O e6 6. Re1 Be7 7. c4 O-O 8. Nc3 Ne5 9. d3 Bd7 10. Bxd7 Nfxd7 11. Bf4 Nc6 12. a3 Nde5 13. Rb1 Qa5 14. Qe2 a6 15. Bd2 Qb6 16. b4 cxb4 17. axb4 Nd4 18. Nxd4 Qxd4 19. Red1 Qxd3 20. Qxd3 Nxd3 21. f4 Bf6 22. Be3 Nxf4 23. Bxf4 Bxc3 24. Bxd6 Rfc8 25. c5 e5 26. Kf2 Bd4+ 27. Ke2 f6 28. Kd3 Kf7 29. g4 Ke6 30. Rb3 b6 31. Kc4 Rc6 32. Ra3 Rd8 33. Rxa6 Rdxd6 34. Kb5 Bxc5 35. Rxd6+ Rxd6 36. bxc5 bxc5 37. Ra7 Rd7 38. Ra6+ Kf7 39. Kxc5 Rd4 40. Ra7+ Kg6 41. h3 Rxe4 42. Kd5 Re3 43. h4 Rg3 44. Ra4 Rh3 45. h5+ Kg5 46. Ra7 Kh6 47. Ke6 Rg3 48. Ra4 Rf3 49. Ra7 Rf4 50. g5+ fxg5 51. Kxe5 Rh4 52. Kf5 Rf4+ 53. Ke5 Kxh5 54. Rxg7 h6 55. Rh7 Rf1 56. Ke4 g4 57. Ke3 g3 58. Rg7 Kh4 59. Ke2 Rf8 60. Rg6 h5 61. Rh6 Kg4 62. Rh7 h4 63. Rg7+ Kh5 64. Ke1 Rf5 65. Rg8 Rg5 66. Rh8+ Kg4 67. Kf1 Kh3 68. Ra8 Rf5+ 69. Kg1 Rb5 70. Ra1 Rf5 71. Ra4 Rf3 72. Ra2 Kg4 73. Ra8 h3 74. Rg8+ Kf4 75. Rf8+ Ke3 76. Re8+ Kd2 77. Rd8+ Ke2 78. Re8+ Re3 79. Rh8 Kf3 80. Rf8+ Kg4 81. Rg8+ Kf5 82. Rf8+ Kg6 83. Rf1 Re2 84. Ra1 Kf5 85. Ra5+ Re5 86. Ra1 Kg4 87. Rb1 h2+ 88. Kg2 Re2+ 89. Kh1 Kh3 0-1

[Event "NAYCC U18"]
[Site "Kingston CAN"]
[Date "2025.08.23"]
[Round "9.9"]
[White "Lin, Leo"]
[Black "Malakar, Saarthak"]
[Result "1-0"]
[WhiteElo "2059"]
[BlackElo "2083"]
[WhiteFideId "-1"]
[WhiteFideId "-1"]
[PlyCount "139"]
[GameId "2217653143713232"]
[EventDate "2025.08.18"]
[EventType "swiss"]
[EventRounds "9"]
[EventCountry "CAN"]

1. e4 c6 2. d4 d5 3. Nd2 dxe4 4. Nxe4 Nf6 5. Nxf6+ exf6 6. Bc4 Bd6 7. Qe2+ Qe7 8. Qxe7+ Kxe7 9. Ne2 Bf5 10. c3 Re8 11. Bf4 Bxf4 12. Nxf4 Kf8+ 13. Kd2 c5 14. Rae1 Rd8 15. d5 g5 16. Nh5 Nd7 17. Be2 b5 18. Kc1 Bg6 19. h4 c4 20. Rd1 Rac8 21. Rd4 Rc5 22. f4 Bxh5 23. Bxh5 gxf4 24. Rhd1 Ne5 25. Kc2 Ng6 26. Bxg6 fxg6 27. b4 cxb3+ 28. axb3 Rdc8 29. R1d3 g5 30. Re4 Kf7 31. hxg5 fxg5 32. d6 Rd8 33. Re7+ Kf6 34. Rxh7 Rc6 35. d7 Rc7 36. Rd5 Kg6 37. Re7 Kf6 38. Ree5 Rcxd7 39. Rf5+ Ke6 40. Rde5+ Kd6 41. Rxb5 g4 42. Rbd5+ Ke6 43. Rxd7 Rxd7 44. Rxf4 Rg7 45. g3 Ke5 46. Kd3 Rd7+ 47. Kc4 Rc7+ 48. Kb4 a5+ 49. Ka4 Rxc3 50. Rxg4 Kd5 51. Rg8 Rf3 52. g4 Kc5 53. Rg5+ Kb6 54. Rb5+ Kc7 55. Kxa5 Rg3 56. Rb4 Kc6 57. Rc4+ Kd5 58. Kb4 Kd6 59. Ka4 Kd5 60. Rf4 Ke5 61. Rb4 Kd6 62. Ka5 Kc7 63. Re4 Kb7 64. b4 Ra3+ 65. Kb5 Rg3 66. Rf4 Re3 67. Rf5 Re4 68. g5 Re6 69. Rf7+ Kb8 70. Rg7 1-0

[Event "NAYCC U18"]
[Site "Kingston CAN"]
[Date "2025.08.23"]
[Round "9.11"]
[White "Liu, Sean"]
[Black "Moses, Neil"]
[Result "1/2-1/2"]
[WhiteElo "1823"]
[BlackElo "2234"]
[WhiteFideId "-1"]
[WhiteFideId "-1"]
[PlyCount "59"]
[GameId "2217662171195702"]
[EventDate "2025.08.18"]
[EventType "swiss"]
[EventRounds "9"]
[EventCountry "CAN"]

1. e4 c5 2. Nc3 e6 3. Nge2 a6 4. g3 b5 5. Bg2 Bb7 6. d4 cxd4 7. Nxd4 b4 8. Na4 Nf6 9. O-O d5 10. exd5 Bxd5 11. Bxd5 Nxd5 12. Re1 Be7 13. c4 bxc3 14. Nxc3 Nxc3 15. bxc3 O-O 16. Qf3 Nd7 17. Nc6 Qe8 18. Bf4 Bc5 19. Rad1 Rc8 20. Ne5 Nxe5 21. Bxe5 Qe7 22. Rb1 Bd6 23. Rb7 Rc7 24. Bxd6 Qxd6 25. Reb1 Rxb7 26. Qxb7 Qd3 27. Rb6 a5 28. Qc6 Rd8 29. Rb5 Qe2 30. Qd6 1/2-1/2

[Event "NAYCC U18"]
[Site "Kingston CAN"]
[Date "2025.08.23"]
[Round "9.12"]
[White "Mulay, Vivan Prakash"]
[Black "Tang, Vincent"]
[Result "0-1"]
[WhiteElo "2029"]
[BlackElo "1937"]
[WhiteFideId "-1"]
[WhiteFideId "-1"]
[PlyCount "62"]
[GameId "2217674501608970"]
[EventDate "2025.08.18"]
[EventType "swiss"]
[EventRounds "9"]
[EventCountry "CAN"]

1. e4 c6 2. Nf3 d5 3. Nc3 Nf6 4. e5 Ne4 5. Ne2 Qb6 6. d4 e6 7. Ng3 c5 8. Bd3 Nxg3 9. fxg3 Nc6 10. O-O cxd4 11. Qe2 h6 12. g4 Bd7 13. a3 O-O-O 14. b4 f6 15. Bf4 Be7 16. Kh1 g5 17. exf6 Bxf6 18. Bd6 e5 19. Bc5 Qc7 20. Nxd4 Nxd4 21. Bxd4 Bg7 22. Bb2 Be6 23. Rac1 Kb8 24. c4 d4 25. Be4 Qd7 26. c5 Bd5 27. b5 Bxe4 28. Qxe4 Qxb5 29. Rf7 Rhf8 30. Rxb7+ Qxb7 31. c6 Qc7 0-1

[Event "NAYCC U18"]
[Site "Kingston CAN"]
[Date "2025.08.23"]
[Round "9.13"]
[White "Blomer, John"]
[Black "Joseph, Jonath"]
[Result "0-1"]
[WhiteElo "1775"]
[BlackElo "1938"]
[WhiteFideId "-1"]
[WhiteFideId "-1"]
[PlyCount "74"]
[GameId "2217676094125642"]
[EventDate "2025.08.18"]
[EventType "swiss"]
[EventRounds "9"]
[EventCountry "CAN"]

1. g3 Nf6 2. Bg2 d5 3. Nf3 b6 4. O-O Bb7 5. d4 e6 6. b3 Nbd7 7. Bb2 Be7 8. Ne5 O-O 9. c4 c5 10. e3 Qc7 11. Nxd7 Qxd7 12. dxc5 bxc5 13. cxd5 exd5 14. Qe2 Rfd8 15. Rd1 Rab8 16. Nc3 d4 17. exd4 Bxg2 18. Kxg2 cxd4 19. Na4 d3 20. Qf3 Rbc8 21. Bc3 Qc6 22. Rac1 Qa6 23. Bxf6 Rxc1 24. Rxc1 Bxf6 25. Rd1 Qd6 26. Qe4 d2 27. f4 Qa3 28. Qc2 Qb4 29. Qc6 Qe7 30. Qf3 h6 31. Kf1 Qd6 32. Qe4 Qa6+ 33. Kf2 Qb5 34. Kg2 Re8 35. Qc4 Qb7+ 36. Kf2 Qe7 37. Qf1 Qe4 0-1

[Event "NAYCC U18 w"]
[Site "Kingston CAN"]
[Date "2025.08.18"]
[Round "1.2"]
[White "Zhong, April Yunwei"]
[Black "Qian, Ashley"]
[Result "1-0"]
[WhiteElo "1879"]
[BlackElo "2135"]
[WhiteFideId "-1"]
[WhiteFideId "-1"]
[PlyCount "93"]
[GameId "2217758421467893"]
[EventDate "2025.08.18"]
[EventType "swiss"]
[EventRounds "9"]
[EventCountry "CAN"]

1. e4 c5 2. Nf3 d6 3. d4 cxd4 4. Nxd4 Nf6 5. Nc3 a6 6. Be3 e5 7. Nf3 Be7 8. Nd2 Ng4 9. Nc4 b5 10. Bb6 Qd7 11. Ne3 Nxe3 12. Bxe3 Nc6 13. a4 b4 14. Nd5 Bd8 15. Bd3 O-O 16. O-O Qb7 17. Bd2 a5 18. c3 bxc3 19. bxc3 Be6 20. Rb1 Qc8 21. Qb3 Ne7 22. c4 Nc6 23. Qa3 Qd7 24. Rfc1 Nd4 25. Be3 Rc8 26. Rd1 Qc6 27. Rdc1 Kh8 28. Qa1 Qc5 29. Rb5 Qa7 30. Rcb1 Bxd5 31. cxd5 Bf6 32. Rb6 Qc7 33. Qb2 h6 34. h3 Qd7 35. Qd2 Qxa4 36. Rxd6 Be7 37. Rdb6 Bb4 38. Qd1 Qd7 39. Qh5 f6 40. Bxd4 exd4 41. e5 f5 42. Qg6 Rc5 43. e6 Qd8 44. Bxf5 Rxf5 45. Qxf5 Rxd5 46. Qf7 d3 47. R6xb4 1-0

[Event "NAYCC U18 w"]
[Site "Kingston CAN"]
[Date "2025.08.18"]
[Round "1.3"]
[White "Yang, Aimee"]
[Black "Vikas, Hema"]
[Result "1-0"]
[WhiteElo "2065"]
[BlackElo "1878"]
[WhiteFideId "-1"]
[WhiteFideId "-1"]
[PlyCount "111"]
[GameId "2217768890245885"]
[EventDate "2025.08.18"]
[EventType "swiss"]
[EventRounds "9"]
[EventCountry "CAN"]

1. d4 Nf6 2. c4 e6 3. Nc3 Bb4 4. e3 O-O 5. Bd2 c5 6. Nf3 d5 7. a3 Bxc3 8. Bxc3 Ne4 9. Rc1 Nd7 10. cxd5 exd5 11. dxc5 Ndxc5 12. Be2 Nxc3 13. Rxc3 Ne4 14. Rd3 Be6 15. O-O Rc8 16. Rd4 Qc7 17. Bd3 Nf6 18. Rf4 Bg4 19. Qa4 Bxf3 20. Rxf3 Qe5 21. Qb4 Ne4 22. h3 g6 23. Rd1 Rc7 24. Rf4 Nc5 25. Qd4 Qh5 26. Rf3 Ne6 27. Qa4 Nc5 28. Qb4 Nxd3 29. Rxd3 Rc1+ 30. Kh2 Qe5+ 31. Qf4 Qxb2 32. Rxd5 Qb1 33. Rd7 Rh1+ 34. Kg3 Qg1 35. Rxf7 Qh2+ 36. Kh4 Qxf4+ 37. R7xf4 Rxf4+ 38. Rxf4 Rc1 39. Rd4 Rc7 40. g4 Kg7 41. Kg3 g5 42. h4 gxh4+ 43. Kxh4 Kf6 44. Kg3 Rg7 45. f4 Ke6 46. Kf3 b5 47. a4 a6 48. e4 Rc7 49. e5 bxa4 50. Rd6+ Kf7 51. Rxa6 Rc4 52. f5 Rc3+ 53. Kf4 a3 54. Ra7+ Ke8 55. e6 Rc4+ 56. Kg5 1-0

[Event "NAYCC U18 w"]
[Site "Kingston CAN"]
[Date "2025.08.18"]
[Round "1.4"]
[White "Wang, Lilian"]
[Black "Li, Sophie"]
[Result "0-1"]
[WhiteElo "1865"]
[BlackElo "2021"]
[WhiteFideId "-1"]
[WhiteFideId "-1"]
[PlyCount "148"]
[GameId "2218335745543557"]
[EventDate "2025.08.18"]
[EventType "swiss"]
[EventRounds "9"]
[EventCountry "CAN"]

1. e4 e5 2. Nf3 Nc6 3. d4 exd4 4. Nxd4 Bc5 5. Nb3 Bb6 6. Nc3 d6 7. Qe2 a5 8. a4 Nb4 9. Nd5 Nxd5 10. exd5+ Ne7 11. Be3 Bxe3 12. Qxe3 O-O 13. Qd2 Re8 14. Be2 c6 15. dxc6 bxc6 16. O-O Ng6 17. Rfe1 Re5 18. Bf3 Bb7 19. Nd4 Qd7 20. c3 Nh4 21. Be2 Rae8 22. Nf3 Rd5 23. Qc2 Ng6 24. Bd3 Rxe1+ 25. Rxe1 Nf8 26. b4 Rh5 27. Nd4 c5 28. bxc5 dxc5 29. Nf5 c4 30. Ne7+ Kh8 31. Bf1 Qd6 32. h3 Rg5 33. Nf5 Qg6 34. Ne3 Be4 35. Qe2 Bd3 36. Qf3 Be4 37. Qf4 Rc5 38. Ng4 f5 39. Ne5 Qf6 40. Ng4 Qd8 41. Ne3 Ne6 42. Qh2 Bd3 43. Rd1 Qb6 44. Bxd3 cxd3 45. Rxd3 f4 46. Nf1 Qc6 47. Qxf4 h6 48. Qe3 Rg5 49. Ng3 h5 50. Qe4 Qb6 51. Rd5 Rxg3 52. Rxh5+ Kg8 53. Qh7+ Kf8 54. Rf5+ Ke8 55. Qg8+ Ke7 56. Qf7+ Kd6 57. Rf3 Rxf3 58. Qxf3 Qb1+ 59. Kh2 Qc2 60. Qg3+ Kd7 61. Qh4 Qxc3 62. Qe4 Qb4 63. Qd5+ Qd6+ 64. Qxd6+ Kxd6 65. g4 Nc5 66. Kg3 Nxa4 67. Kf4 Nc3 68. Kf5 a4 69. Kg6 a3 70. Kxg7 a2 71. h4 a1=Q 72. g5 Nd5+ 73. Kg6 Ne7+ 74. Kf7 Qa2+ 0-1

[Event "NAYCC U18 w"]
[Site "Kingston CAN"]
[Date "2025.08.18"]
[Round "1.5"]
[White "Qiu, Laurie"]
[Black "Fei, Irene Jiao"]
[Result "0-1"]
[WhiteElo "1986"]
[BlackElo "1859"]
[WhiteFideId "-1"]
[WhiteFideId "-1"]
[PlyCount "96"]
[GameId "2217969962455097"]
[EventDate "2025.08.18"]
[EventType "swiss"]
[EventRounds "9"]
[EventCountry "CAN"]

1. e4 c6 2. d4 d5 3. e5 Bf5 4. Nf3 e6 5. Be2 c5 6. c3 Nc6 7. Be3 cxd4 8. Nxd4 Nge7 9. Bb5 a6 10. Bxc6+ bxc6 11. Qa4 Qd7 12. Na3 Bd3 13. c4 Nf5 14. Rd1 Nxe3 15. fxe3 Bxa3 16. Qxa3 Bxc4 17. b3 Bb5 18. Qc5 Qe7 19. Rc1 Qh4+ 20. g3 Qe4 21. Kf2 Qxe5 22. a4 Bd3 23. Qxc6+ Ke7 24. Qc3 Qf6+ 25. Ke1 Rhc8 26. Nc6+ Kd7 27. Qb4 Rc7 28. Kd2 Rac8 29. Qf4 Qxf4 30. gxf4 Be4 31. Ne5+ Ke7 32. Rxc7+ Rxc7 33. Rc1 Rxc1 34. Kxc1 f6 35. Ng4 a5 36. Nf2 Kd6 37. Nd1 g5 38. fxg5 fxg5 39. Nc3 h5 40. Nb5+ Kc5 41. Nc7 Bf5 42. Na6+ Kb6 43. Nb8 e5 44. b4 Kb7 45. bxa5 Kxb8 46. Kb2 g4 47. Kc3 h4 48. Kb4 g3 0-1

[Event "NAYCC U18 w"]
[Site "Kingston CAN"]
[Date "2025.08.18"]
[Round "1.6"]
[White "Gomez Camara, Sofia"]
[Black "Xie, Irene"]
[Result "0-1"]
[WhiteElo "1840"]
[BlackElo "1977"]
[WhiteFideId "-1"]
[WhiteFideId "-1"]
[PlyCount "70"]
[GameId "2217972223066368"]
[EventDate "2025.08.18"]
[EventType "swiss"]
[EventRounds "9"]
[EventCountry "CAN"]

1. e4 e6 2. d4 d5 3. Nd2 c5 4. Ngf3 cxd4 5. Nxd4 Nc6 6. Bb5 Bd7 7. Bxc6 bxc6 8. O-O Qc7 9. exd5 cxd5 10. Re1 Bd6 11. h3 Ne7 12. N2f3 e5 13. Nb3 O-O 14. Bd2 Rac8 15. Ba5 Qb8 16. Rc1 f6 17. Qd2 e4 18. Nfd4 Bf4 19. Qb4 Qxb4 20. Bxb4 Bxc1 21. Bxe7 Rfe8 22. Bxf6 Bxb2 23. Bg5 a5 24. Rb1 Bc3 25. Bd2 Bxd2 26. Nxd2 Rb8 27. Rb3 a4 28. Rg3 Rb4 29. c3 Rb2 30. Nf1 Rxa2 31. Ne3 a3 32. Nxd5 Rf8 33. f3 Ra1+ 34. Kh2 a2 35. Nb4 Rh1+ 0-1

[Event "NAYCC U18 w"]
[Site "Kingston CAN"]
[Date "2025.08.18"]
[Round "1.7"]
[White "Kaur, Aradh"]
[Black "Chovanec, Alice"]
[Result "1-0"]
[WhiteElo "1919"]
[BlackElo "1813"]
[WhiteFideId "-1"]
[WhiteFideId "-1"]
[PlyCount "95"]
[GameId "2217973418520840"]
[EventDate "2025.08.18"]
[EventType "swiss"]
[EventRounds "9"]
[EventCountry "CAN"]

1. e4 c5 2. Nf3 e6 3. d4 cxd4 4. Nxd4 a6 5. c4 Nf6 6. Nc3 Qc7 7. a3 b6 8. Be3 Bb7 9. f3 Be7 10. Be2 O-O 11. O-O d6 12. Rc1 Nbd7 13. b4 Rac8 14. Qd2 Qb8 15. Rfd1 Bd8 16. Na4 Bc7 17. h3 Rfe8 18. Bf2 d5 19. c5 Bf4 20. Be3 Bh2+ 21. Kf1 b5 22. Nb2 Ne5 23. exd5 Bxd5 24. a4 Red8 25. axb5 axb5 26. Qc3 Nh5 27. Bxb5 Nxf3 28. gxf3 e5 29. Nf5 Qxb5+ 30. Qd3 Qb7 31. b5 Bc4 32. Qxc4 Qxf3+ 33. Bf2 Qxf5 34. Qg4 Ng3+ 35. Kg2 Qxg4 36. hxg4 Ne4 37. Kxh2 Nxf2 38. Rxd8+ Rxd8 39. c6 Nxg4+ 40. Kg3 Nf6 41. c7 Rc8 42. Rd1 Ne4+ 43. Kh2 Rf8 44. Rd8 Nd6 45. Rxd6 e4 46. Rd8 e3 47. c8=Q e2 48. Rxf8# 1-0

[Event "NAYCC U18 w"]
[Site "Kingston CAN"]
[Date "2025.08.18"]
[Round "1.8"]
[White "Koop, Alison Emily"]
[Black "Ruchinskaya, Valerie"]
[Result "0-1"]
[WhiteElo "1797"]
[BlackElo "1898"]
[WhiteFideId "-1"]
[WhiteFideId "-1"]
[PlyCount "162"]
[GameId "2217975186465040"]
[EventDate "2025.08.18"]
[EventType "swiss"]
[EventRounds "9"]
[EventCountry "CAN"]

1. d4 d5 2. c4 c6 3. Nf3 Nf6 4. e3 Bf5 5. Nc3 e6 6. Nh4 Bg6 7. Qb3 Qb6 8. Nxg6 hxg6 9. Bd2 Nbd7 10. f4 Be7 11. Be2 dxc4 12. Qxc4 Rc8 13. O-O Qxb2 14. Qd3 Qb6 15. Rab1 Qc7 16. Rfc1 O-O 17. Bf3 Nb6 18. a4 Nbd5 19. Nxd5 exd5 20. Qb3 b6 21. a5 b5 22. Rc2 a6 23. Rbc1 Qb7 24. Qd3 Rfe8 25. g4 Bd6 26. g5 Ne4 27. Bg4 Rc7 28. Be1 c5 29. dxc5 Rxc5 30. Bf3 Rec8 31. Rxc5 Rxc5 32. Rd1 Rc4 33. Qxd5 Qxd5 34. Rxd5 Bc5 35. Kg2 Nd6 36. Be2 Rc2 37. Kf3 Nf5 38. Bd3 Rc1 39. Bd2 Nh4+ 40. Kg3 Rd1 41. Be2 Nf5+ 42. Rxf5 Rxd2 43. Rxc5 Rxe2 44. Kf3 Ra2 45. h4 Rxa5 46. f5 gxf5 47. Rxf5 g6 48. Rf6 Ra4 49. Ke2 a5 50. Rb6 b4 51. Rb5 Ra3 52. Kd2 b3 53. Kc3 a4 54. Kb2 Ra2+ 55. Kb1 Kf8 56. Rb7 Ke8 57. e4 Kf8 58. e5 Rh2 59. Rb4 a3 60. Rxb3 a2+ 61. Ka1 Rxh4 62. Rg3 Ra4 63. Rb3 Rg4 64. Kxa2 Rxg5 65. Re3 Ke7 66. e6 f6 67. Kb3 Re5 68. Rg3 g5 69. Kc4 Kxe6 70. Kd4 Kf5 71. Rf3+ Kg6 72. Rf2 Re8 73. Kd5 g4 74. Kd6 f5 75. Kd7 Re1 76. Rg2 Kg5 77. Kd6 f4 78. Kd5 f3 79. Rf2 Kf4 80. Kd4 Rd1+ 81. Kc3 g3 0-1

[Event "NAYCC U18 w"]
[Site "Kingston CAN"]
[Date "2025.08.18"]
[Round "1.9"]
[White "Garcia Ortega, Natalia Belen"]
[Black "Nguyen, Nghi Ngoc Phuong"]
[Result "1-0"]
[WhiteElo "1892"]
[BlackElo "1767"]
[WhiteFideId "-1"]
[WhiteFideId "-1"]
[PlyCount "73"]
[GameId "2217980965048603"]
[EventDate "2025.08.18"]
[EventType "swiss"]
[EventRounds "9"]
[EventCountry "CAN"]

1. d4 Nf6 2. c4 c5 3. d5 e6 4. Nc3 exd5 5. cxd5 d6 6. e4 g6 7. h3 Bg7 8. Nf3 O-O 9. Bd3 b5 10. Nxb5 Re8 11. O-O Nxe4 12. Re1 a6 13. Na3 Nf6 14. Bg5 Rxe1+ 15. Qxe1 Nbd7 16. Nc4 Qc7 17. Qd2 Nb6 18. Nxb6 Qxb6 19. Re1 Qb7 20. Qf4 Bf5 21. Bxf5 gxf5 22. Bxf6 Bxf6 23. Qxd6 Qxb2 24. Qxc5 Bc3 25. Qc6 Rf8 26. Re8 Qc1+ 27. Re1 Qb2 28. Re3 Bg7 29. Qxa6 Rd8 30. Qc6 Qxa2 31. Re8+ Rxe8 32. Qxe8+ Bf8 33. d6 Qb1+ 34. Kh2 Qb4 35. d7 Qf4+ 36. Kh1 Qc1+ 37. Ng1 1-0

[Event "NAYCC U18 w"]
[Site "Kingston CAN"]
[Date "2025.08.18"]
[Round "2.1"]
[White "Ruchinskaya, Valerie"]
[Black "Su, Jasmine Zhixin"]
[Result "0-1"]
[WhiteElo "1898"]
[BlackElo "2254"]
[WhiteFideId "-1"]
[WhiteFideId "-1"]
[PlyCount "66"]
[GameId "2218009533415718"]
[EventDate "2025.08.18"]
[EventType "swiss"]
[EventRounds "9"]
[EventCountry "CAN"]

1. d4 Nf6 2. c4 g6 3. Nc3 d5 4. cxd5 Nxd5 5. e4 Nxc3 6. bxc3 Bg7 7. Be3 c5 8. Rc1 Qa5 9. Qd2 O-O 10. Nf3 Bg4 11. d5 Nd7 12. Ng5 Nb6 13. c4 Qxd2+ 14. Kxd2 Na4 15. Be2 Bxe2 16. Kxe2 Nc3+ 17. Kd3 Nxa2 18. Rb1 Nb4+ 19. Ke2 b6 20. f4 a5 21. e5 h6 22. Nf3 f6 23. g4 a4 24. Bd2 a3 25. e6 a2 26. Rbc1 f5 27. Ne5 fxg4 28. Rhg1 g5 29. Bc3 Rxf4 30. Ke3 Bxe5 31. Bxe5 Ra3+ 32. Kd2 Rd3+ 33. Ke2 Re4+ 0-1